000 00903nam a22002417a 4500
999 _c64092
_d64092
005 20240530110714.0
008 180213s2016 ua a g 000 0 ara d
017 _a2015/2156
_bمصر. دار الكتب
020 _a9789772121255
040 _aEG-CaGPL
_cEG-CaGPL
082 0 4 _221
_a327.101/
_bهـ م
100 0 _aهشام محمود الاقداحى
245 1 2 _aالمجتمع السياسى بين الاستقرار والوحدة الوطنية /
_cهشام محمود الاقداحى .
250 _aط. 1
260 _aالقاهرة :
_bمؤسسة شباب الجامعة ،
_c2016.
300 _a295 ص. ؛
_c24 سم.
650 0 7 _2qrmak
_aالامن القومى
650 0 7 _2qrmak
_aالديمقراطية
650 0 7 _2qrmak
_aالوحدة العربية
651 0 7 _2qrmak
_aالشرق الاوسط
942 _2ddc
_cBK